000 02167cam a22004574i 4500
003 PE-LiUPU
005 20250731172944.0
008 150623s r 000 0 d
020 _a0931464234
035 _a(Sirsi) i9780931464232
040 _aPE-LiUPU
_bspa
_cPE-LiUPU
_erda
049 _aPRUA
082 0 4 _a221.6
_bB582
_223
245 0 0 _aBiblical and related studies presented to Samuel Iwry /
_ceditado por Ann Kort y Scott Morschauser.
264 1 _aWinona Lake, Indiana :
_bEisenbrauns,
_c1985.
300 _a274 páginas ;
_c24 centímetros.
336 _atext
_2rdacontent
337 _aunmediated
_2rdamedia
338 _avolume
_2rdacarrier
504 _aBibliografía al final de páginas.
505 0 _aDid Alexander Yannai negotiate an Alliance with the parthians?. -The first and second tithes in the temple scroll. -The rhetoric of Psalm 145. -Levitical cities: archaeology and texts. -Sargon and Joseph: dreams come true. -A literate soldier: lachish letter III. -Prose particles in the poetry of the primary history. -The murder of the merchants near akko. -Adam's Rib. -On making other Gods. -The meaning of tkwnh. -Cult and prayer. -Marginal notes to the biblical lexicon. -A difficult curse in aqht (19[1 Aqht]3.152-154). -Cain, the arrogant sufferer. -Originals and imitations in Biblical poetry: a comparative examination of 1 Sam 2:1-10 and Ps 113:5-9. -Studies in Neo-Aramaic lexicology. -Philippi's law reconsidered. -The worship of Baal and Asherah: a study.
526 _aSEG42
526 _aSEG41
526 _aSEG40
526 _aSEG39
526 _aP94
526 _aP87
526 _aP86
526 _aP85
526 _aP77
526 _aP76
526 _aP35
630 1 4 _aBiblia.
_pA.T.
_xCrítica, interpretación, etc.
651 2 4 _aOriente Cercano
_xCivilización
_yc. 622
_vEnsayos.
700 1 _aKort, Ann,
_eeditor.
700 1 _aMorschauser, Scott,
_eeditor.
942 _2ddc
_cBK
949 _a221.6 B17
_wDEWEY
_c1
_i44715
_lCCODEBUL1
_mBUL
_r0
_sY
_tBOOK
_u2015-6-24
_xTEOLOGIA
_0COMPRA
_o.STAFF. Colección General
999 _c21580
_d21580
980 _81
_gALBERTO SANCHEZ Responsable de Automatización